|
|
|
|
| LEADER |
00000cas a2200000 a 4500 |
| 001 |
vtls008883898 |
| 003 |
SK-MaSNL |
| 005 |
20260425194218.0 |
| 008 |
150707d19901992xo mr|p 0 0 b0slo |
| 035 |
|
|
|a (SVKBB03)vtls000141703
|
| 040 |
|
|
|a SVKBB
|b slo
|c SVKBB
|d SNK
|e AACR2
|
| 041 |
0 |
|
|a slo
|
| 043 |
|
|
|a e-xo---
|
| 044 |
|
|
|a xo
|c SK
|
| 072 |
|
7 |
|a 351
|x Úlohy verejnej správy, správne opatrenia. Legislatíva
|2 konspekt
|
| 072 |
|
7 |
|a 658
|x Riadenie a správa podniku
|2 konspekt
|
| 072 |
|
7 |
|a 657
|x Účtovníctvo
|2 konspekt
|
| 072 |
|
7 |
|a 336.1/.5
|x Verejné financie
|2 konspekt
|
| 080 |
|
|
|a 050
|2 2001
|
| 080 |
|
|
|a (437.6)
|2 2001
|
| 080 |
|
|
|a 351.824
|2 2001
|
| 080 |
|
|
|a 658.114
|2 2001
|
| 080 |
|
|
|a 657
|2 2001
|
| 080 |
|
|
|a 336.22
|2 2001
|
| 245 |
0 |
0 |
|a Podnikateľ
|
| 260 |
|
|
|a Žilina
|b OV Združenia podnikateľov Slovenska
|c 1990-1992
|
| 300 |
|
|
|a 3 zv.
|c 30 cm
|
| 310 |
|
|
|a 1x mesačne
|
| 362 |
0 |
|
|a Marec (1990)-č. 11-12 (1992)
|
| 500 |
|
|
|a Podnázov od č. 7/1990-9/1990: magazín zaujímavostí aj pre podnikateľov ; od č. 10/1990: magazín pre podnikateľov
|
| 500 |
|
|
|a Redaktori sa menia
|
| 500 |
|
|
|a Reg. číslo: MK SR 197/90
|
| 650 |
0 |
7 |
|a podnikanie
|2 SNKPH
|9 1757
|
| 650 |
0 |
7 |
|a účtovníctvo
|2 SNKPH
|9 649
|
| 650 |
0 |
7 |
|a dane
|2 SNKPH
|9 2123
|
| 651 |
|
7 |
|a Slovensko
|2 SNKPH
|9 14231
|
| 655 |
|
7 |
|a špecializované časopisy
|2 SNKPH
|9 70509
|
| 910 |
|
|
|a snk
|
| 916 |
|
|
|a 1990, 1992
|
| 958 |
|
|
|a OND
|
| 999 |
|
|
|c 7150
|d 9080
|
| 952 |
|
|
|t č. 1-12
|a SNK
|b SNK
|y PREZ
|7 0
|p 17A1029954
|o snkČSB 3991/1990
|i snkČSP 28/92
|f 1
|0 0
|1 0
|4 0
|d 2015-06-16
|l 0
|r 2026-02-21 21:46:36
|w 2026-02-21
|
| 952 |
|
|
|t č. 1-12
|a SNK
|b SNK
|y PREZ
|7 0
|p 17A0925313
|o snkČSB 3991/1992
|i snkČSP 5988/93
|f 1
|0 0
|1 0
|4 0
|d 2015-06-16
|l 0
|r 2026-02-21 21:46:36
|w 2026-02-21
|